00656 2200241 4500001002100000005001700021008004100038035002400079082001100103090001800114100002200132245007500154250001100229260002900240300001800269500003000287650003100317850001500348980001500363985000600378999001500384999001500399YOGYA-0209000006105620090227035859.0 ind  0010-020900000061056 a428.24 a428.24bSoe P aSOELAIMAN, Soetan aThe fifly hour method elementary sistem 50 jamcoleh, Soetan Soelaiman aCet. 9 aJakartabSoelaimanc1959 a...jilc19 cm ayang diterima : Jil. 1, 2 aBahasa Inggris - Pelajaran aYOPDYOG(B) a07-02-2008 a2 aP000019031 aP000019029